000 00499nam a2200193Ia 4500
005 20240823045701.0
008 240823s9999||||xx |||||||||||||| ||und||
020 _a81-219-1773-5
041 _aENGLISH
082 _A658.5 P9
100 _aMartand Telsang
245 0 _aIndustrial Engineering and Production Management
250 _a1st
260 _c2009
_bS chand New D
_aNew Delhi
500 _aYES
650 _aProduction Management
_bManagement Studies
942 _cBK
999 _c215529
_d215529